Queen of France ; a biography of Marie Antoinette /

Bibliographic Details
Main Author: Castelot, André
Format: Book
Language:English
French
Published: New York : Harper, [1957]
Edition:[1st ed.].
Subjects:

MARC

Tag First Indicator Second Indicator Subfields
LEADER 00000cam a22000001 4500
001 in00000312913
005 20151010094626.0
008 730821s1957 nyua 000 0beng
010 |a  56006021  
019 |a 00964546  |a 09718549 
035 |a (OCoLC)00401503 
035 |9 ABG9497AM 
040 |a DLC  |c DLC  |d m.c.  |d TXA  |d UtOrBLW 
041 1 |a eng  |a fre 
049 |a TXAM 
050 0 0 |a DC137.1  |b .C313 1957a 
082 0 |a 923.144 
100 1 |a Castelot, André. 
240 1 0 |a Marie-Antoinette d'après des documents inédits.  |l English 
245 1 0 |a Queen of France ;  |b a biography of Marie Antoinette /  |c Translated from the French by Denise Folliot. 
250 |a [1st ed.]. 
264 1 |a New York :  |b Harper,  |c [1957] 
300 |a 434 pages :  |b illustrations ;  |c 22 cm. 
336 |a text  |b txt  |2 rdacontent 
337 |a unmediated  |b n  |2 rdamedia 
338 |a volume  |b nc  |2 rdacarrier 
500 |a Translation of Marie Antoinette d'après des documents inédits. 
600 0 0 |a Marie Antoinette,  |c Queen, consort of Louis XVI, King of France,  |d 1755-1793. 
651 0 |a France  |x Queens  |x Biography. 
999 |a MARS 
999 f f |s 7a1179cc-3b5a-3765-a00c-552933d22a4a  |i f24779ea-d433-3a31-8f37-1fe408a83981  |t 0 
952 f f |p ric  |a Texas A&M University  |b Rellis Campus  |c Joint Library Facility  |s JLF  |d Remote Storage  |t 0  |e DC137.1 .C313 1957a  |h Library of Congress classification  |i unmediated -- volume  |m A14801958944 
998 f f |a DC137.1 .C313 1957a  |t 0  |l Remote Storage